European industrial markets, Spring 2009 (Record no. 109395)

MARC details
000 -LEADER
fixed length control field 01208cad a22002175a 4500
001 - CONTROL NUMBER
control field E147008
008 - FIXED-LENGTH DATA ELEMENTS--GENERAL INFORMATION
fixed length control field 090323s2009 xxk f 000 0 eng d
035 ## - SYSTEM CONTROL NUMBER
System control number (Sirsi) u147008
041 0# - LANGUAGE CODE
Language code of text/sound track or separate title eng
050 04 - LIBRARY OF CONGRESS CALL NUMBER
Classification number 333.33 $2 18
110 2# - MAIN ENTRY--CORPORATE NAME
Corporate name or jurisdiction name as entry element Jones Lang LaSalle
9 (RLIN) 3755
245 00 - TITLE STATEMENT
Title European industrial markets, Spring 2009
Remainder of title European industrial markets, where next?
Medium [electronic resource]
260 ## - PUBLICATION, DISTRIBUTION, ETC.
Place of publication, distribution, etc. [S.l.]
Name of publisher, distributor, etc. JLL
Date of publication, distribution, etc. 2009
520 ## - SUMMARY, ETC.
Summary, etc. Predicts that prices will remain under pressure in 2009, with mature liquid markets such as the UK and Germany being more able to adapt to changes. In 2008, investors concentrated on these markets, with around half of total investment being focussed on the UK and Germany, which offer large amounts of high quality stock in good locations with good occupancy levels. The logistics occupier market held up in 2008, however the recession is predicted to take a toll on occupier markets in 2009.
521 ## - TARGET AUDIENCE NOTE
Target audience note Advanced
590 ## - LOCAL NOTE (RLIN)
Local note KA
651 #4 - SUBJECT ADDED ENTRY--GEOGRAPHIC NAME
Geographic name Europe
690 ## - LOCAL SUBJECT ADDED ENTRY--TOPICAL TERM (OCLC, RLIN)
Topical term or geographic name as entry element PROPERTY-COMMERCIAL PROPERTY-COMMERCIAL PROPERTY MARKET
856 40 - ELECTRONIC LOCATION AND ACCESS
Uniform Resource Identifier <a href="https://www.joneslanglasalle.eu">https://www.joneslanglasalle.eu</a>
Public note View the report free of charge (requires registration) at www.joneslanglasalle.eu...
942 ## - ADDED ENTRY ELEMENTS (KOHA)
Suppress in OPAC 0
Holdings
Withdrawn status Lost status Source of classification or shelving scheme Damaged status Not for loan Home library Current library Shelving location Date acquired Total Checkouts Full call number Barcode Date last seen Copy number Price effective from Koha item type
    Dewey Decimal Classification     Virtual Virtual Online 23/03/2009   ONLINE PUBLICATION 147008-2001 06/08/2019 1 06/08/2019 Book